[Event "St Petersburg Seniors"]
[Site "St Petersburg RUS"]
[Date "1995.??.??"]
[Round "?"]
[White "Zaitsev, Igor A"]
[Black "Krogius, Nikolai V"]
[Result "1/2-1/2"]
[WhiteElo "2455"]
[BlackElo "2480"]
[PlyCount "46"]
[EventDate "1995.??.??"]
[Source "www.chesslib.no"]
[SourceDate "2004.05.04"]

1. e4 e5 2. Nf3 Nc6 3. Bb5 a6 4. Ba4 d6 5. Bxc6+ bxc6 6. d4 f6 7. O-O g6 8. Nc3 Nh6 9. Be3 Bg7 10. h3 Nf7 11. Nh2 O-O 12. f4 exf4 13. Bxf4 f5 14. Nf3 Rb8 15. Rb1 Re8 16. exf5 Bxf5 17. Qd2 Qd7 18. Rf2 Re7 19. a3 Rbe8 20. Rbf1 Be4 21. Ng5 Bd5 22. Nxf7 Rxf7 23. Nxd5 cxd5 1/2-1/2

[Event "Camp. bosniaco 2007"]
[Site "Sarajevo BOS"]
[Date "2007.12.19"]
[Round "2"]
[White "Stojanovic, Dalibor"]
[Black "Runic, Zoran"]
[Result "0-1"]
[WhiteElo "2510"]
[BlackElo "2417"]
[PlyCount "64"]
[EventDate "2007.12.18"]
[Source "www.chesslib.no"]
[SourceDate "2004.05.04"]

1. e4 e5 2. Nf3 Nc6 3. Bb5 a6 4. Ba4 d6 5. Bxc6+ bxc6 6. d4 f6 7. Nh4 g6 8. O-O Bg7 9. f4 exf4 10. Bxf4 f5 11. Qe1 Qe7 12. exf5 Bxd4+ 13. Kh1 Qxe1 14. Rxe1+ Kf7 15. Nd2 gxf5 16. Ndf3 Bxb2 17. Ng5+ Kg7 18. Rab1 Bf6 19. Rb3 h6 20. Ngf3 Ne7 21. c4 c5 22. Rbe3 Nc6 23. Bg3 Bd7 24. Rf1 Rhe8 25. Rb3 Rab8 26. Ra3 a5 27. Ng1 Bxh4 28. Bxh4 Re4 29. Rg3+ Kf7 30. Nf3 Rxc4 31. Rh3 f4 32. Nd2 Rd4 0-1

[Event "Cannes mT"]
[Site "Cannes"]
[Date "1996.??.??"]
[Round "5"]
[White "Lepelletier, Benoit"]
[Black "Ivkov, Borislav"]
[Result "0-1"]
[WhiteElo "2470"]
[BlackElo "2455"]
[PlyCount "70"]
[EventDate "1996.02.??"]
[Source "ChessBase"]

1. e4 e5 2. Nf3 Nc6 3. Bb5 a6 4. Ba4 d6 5. Bxc6+ bxc6 6. d4 f6 7. h3 Ne7 8. c4 Ng6 9. Nc3 Be7 10. Be3 O-O 11. d5 Qe8 12. g4 Rb8 13. Qc2 cxd5 14. cxd5 c5 15. O-O-O Bd7 16. Rdg1 Qc8 17. Nd2 Rb4 18. Kb1 a5 19. Ka1 Qa6 20. f3 Rfb8 21. Rb1 a4 22. h4 Bd8 23. h5 Nf4 24. Bxf4 exf4 25. Rhe1 Ba5 26. Ne2 Bb5 27. Nxf4 Rd4 28. Rbd1 Bc4 29. Kb1 Bb3 30. Nxb3 axb3 31. axb3 Bxe1 32. Rxe1 Rdb4 33. Qe2 c4 34. bxc4 Ra8 35. Nd3 Rxc4 0-1

[Event "Manila ol (Men)"]
[Site "Manila PHI"]
[Date "1992.??.??"]
[Round "?"]
[White "Georgiev, Krum I"]
[Black "Reyes, Juan"]
[Result "0-1"]
[WhiteElo "2505"]
[BlackElo "2415"]
[PlyCount "80"]
[EventDate "1992.06.??"]
[Source "www.chesslib.no"]
[SourceDate "2004.05.04"]

1. e4 e5 2. Nf3 Nc6 3. Bb5 a6 4. Ba4 d6 5. Bxc6+ bxc6 6. d4 f6 7. c4 Bg4 8. Be3 Qb8 9. Qc2 exd4 10. Nxd4 c5 11. Ne2 Qb4+ 12. Bd2 Qb7 13. f3 Bd7 14. Nbc3 Ne7 15. Nd1 Nc6 16. Bc3 Be7 17. Ne3 O-O 18. g4 Rf7 19. O-O Bf8 20. Rad1 Re8 21. Ng3 a5 22. Qg2 a4 23. h4 Nb4 24. a3 Nc6 25. g5 fxg5 26. hxg5 Nd4 27. Rxd4 cxd4 28. Bxd4 Qc8 29. Rf2 c6 30. Nh5 Qd8 31. Qg3 Re6 32. Rg2 Rg6 33. f4 h6 34. Ng4 Bxg4 35. Qxg4 hxg5 36. fxg5 Be7 37. Be3 d5 38. cxd5 cxd5 39. e5 d4 40. Bxd4 Rxg5 0-1

[Event "Corr"]
[Site "?"]
[Date "2001.09.30"]
[Round "?"]
[White "Hyldkrog Lars (DEN)"]
[Black "Bericat Angel Hugo (ARG)"]
[Result "1-0"]
[WhiteElo "2473"]
[BlackElo "2435"]
[PlyCount "69"]
[EventDate "2001.??.??"]
[Source "www.chesslib.no"]
[SourceDate "2004.05.04"]

1. e4 e5 2. Nf3 Nc6 3. Bb5 a6 4. Ba4 d6 5. Bxc6+ bxc6 6. d4 f6 7. Be3 Ne7 8. Nc3 Be6 9. Qd3 Nc8 10. O-O-O Nb6 11. Nd2 exd4 12. Bxd4 c5 13. Be3 Be7 14. Nd5 Bxd5 15. exd5 O-O 16. Nc4 f5 17. Nxb6 cxb6 18. Rhe1 b5 19. Bf4 Bg5 20. Qd2 Bxf4 21. Qxf4 a5 22. Re6 Rf6 23. Rde1 Rxe6 24. Rxe6 Ra6 25. Qxf5 b4 26. Qe4 Ra8 27. Re7 Kf8 28. Rb7 Qe8 29. Qf5+ Kg8 30. Kd2 Kh8 31. f4 Qg8 32. Qe6 Rd8 33. Qxg8+ Kxg8 34. g3 Rf8 35. Ke3 1-0

[Event "Oberliga Bayern 9596"]
[Site "Bayern"]
[Date "1996.??.??"]
[Round "?"]
[White "Gdanski, Jacek"]
[Black "Mandl, Robert"]
[Result "1/2-1/2"]
[WhiteElo "2480"]
[BlackElo "2425"]
[PlyCount "53"]
[EventDate "1995.10.??"]
[Source "www.chesslib.no"]
[SourceDate "2004.05.04"]

1. e4 e5 2. Nf3 Nc6 3. Bb5 a6 4. Ba4 d6 5. Bxc6+ bxc6 6. d4 f6 7. Nc3 Ne7 8. Be3 Ng6 9. Qe2 Be7 10. O-O-O Be6 11. h4 h5 12. dxe5 fxe5 13. Ng5 Bxg5 14. hxg5 h4 15. Rdg1 Ke7 16. Qd2 Qf8 17. Rf1 h3 18. g3 Qf3 19. Rh2 d5 20. Bc5+ Kf7 21. Re1 Rad8 22. Re3 Qg4 23. exd5 cxd5 24. Ne2 d4 25. Ra3 Bc4 26. f3 Qf5 27. b4 1/2-1/2

[Event "Sochi RUS"]
[Site "?"]
[Date "2005.10.??"]
[Round "7"]
[White "Panarin Michail"]
[Black "Demchenko Anton"]
[Result "1/2-1/2"]
[WhiteElo "2486"]
[BlackElo "2415"]
[PlyCount "41"]
[EventDate "2005.??.??"]
[Source "www.chesslib.no"]
[SourceDate "2004.05.04"]

1. e4 e5 2. Nf3 Nc6 3. Bb5 a6 4. Ba4 d6 5. Bxc6+ bxc6 6. d4 f6 7. Nc3 g6 8. Qd3 Be6 9. O-O Bg7 10. dxe5 fxe5 11. Ng5 Qd7 12. f4 h6 13. Nxe6 Qxe6 14. f5 gxf5 15. Qh3 Ke7 16. Rxf5 Rf8 17. g4 Kd7 18. Be3 Ne7 19. Rxf8 Rxf8 20. Rf1 Bf6 21. Qf3 1/2-1/2

[Event "BL2-W 9293"]
[Site "GER"]
[Date "1993.??.??"]
[Round "?"]
[White "Cuijpers, Frans A"]
[Black "Zude, Arno"]
[Result "0-1"]
[WhiteElo "2425"]
[BlackElo "2465"]
[PlyCount "110"]
[EventDate "1992.10.??"]
[Source "www.chesslib.no"]
[SourceDate "2004.05.04"]

1. e4 e5 2. Nf3 Nc6 3. Bb5 a6 4. Ba4 d6 5. Bxc6+ bxc6 6. d4 f6 7. Be3 Ne7 8. Nc3 Ng6 9. Qe2 Be6 10. h4 h5 11. O-O-O Be7 12. dxe5 Nxe5 13. Nd4 Bc4 14. Qe1 Qd7 15. f3 O-O 16. g4 Bf7 17. gxh5 Bxh5 18. Rg1 Kh7 19. Qg3 Rg8 20. Rdf1 Rab8 21. b3 d5 22. Rd1 Bc5 23. f4 Nf3 24. Rg2 dxe4 25. Nxf3 Bxe3+ 26. Kb2 Qf5 27. Nd4 Qxf4 28. Qxf4 Bxf4 29. Re1 c5 30. Ne6 Be5 31. Nxc5 f5 32. Nxa6 Rbd8 33. Nc5 Bf3 34. Rgg1 Bd4 35. Ne6 Bxg1 36. Nxd8 Bf2 37. Rf1 Bxh4 38. Ne6 Bf6 39. Nxc7 Rc8 40. N7d5 Be5 41. b4 g5 42. Kb3 f4 43. Nd1 Be2 44. Rh1+ Kg7 45. Nb2 g4 46. Rh5 Re8 47. Rxe5 Rxe5 48. Nxf4 Bf1 49. Nc4 Rf5 50. Ne6+ Kf6 51. Nd4 Bxc4+ 52. Kxc4 g3 53. b5 g2 54. Ne2 Rf2 55. Ng1 Rf1 0-1

[Event "FRA Ch"]
[Site "Nantes FRA"]
[Date "1993.??.??"]
[Round "2"]
[White "Hauchard, Arnaud"]
[Black "Anic, Darko"]
[Result "1/2-1/2"]
[WhiteElo "2450"]
[BlackElo "2440"]
[PlyCount "85"]
[EventDate "1993.08.??"]
[Source "www.chesslib.no"]
[SourceDate "2004.05.04"]

1. e4 e5 2. Nf3 Nc6 3. Bb5 a6 4. Ba4 d6 5. Bxc6+ bxc6 6. d4 f6 7. Be3 Ne7 8. Nc3 Bg4 9. Qe2 Qb8 10. O-O-O Qb4 11. a3 Qb7 12. h3 Be6 13. Ne1 Rb8 14. Nd3 Ng6 15. d5 cxd5 16. exd5 Bd7 17. b3 Be7 18. Nb2 f5 19. Nc4 O-O 20. Na5 Qa8 21. a4 f4 22. Bd2 Qa7 23. Ne4 Nh4 24. g3 fxg3 25. Be3 Qa8 26. fxg3 Nf5 27. Bf2 Rf7 28. Qc4 Rbf8 29. g4 Nh4 30. Nc6 Ng6 31. Nxe7+ Rxe7 32. Be3 Qc8 33. Rhf1 Nf4 34. Bxf4 exf4 35. Nd2 Re3 36. Rxf4 Rxf4 37. Qxf4 Rxh3 38. g5 Qe8 39. Rf1 h6 40. gxh6 Rxh6 41. Rg1 Rg6 42. Rxg6 Qxg6 43. Qc4 1/2-1/2

[Event "Santiago"]
[Site "Santiago de Chile"]
[Date "1993.??.??"]
[Round "?"]
[White "Egger, Jorge"]
[Black "Vasquez, Rodrigo"]
[Result "1/2-1/2"]
[WhiteElo "2410"]
[BlackElo "2475"]
[PlyCount "76"]
[EventDate "1993.??.??"]
[Source "www.chesslib.no"]
[SourceDate "2004.05.04"]

1. e4 e5 2. Nf3 Nc6 3. Bb5 a6 4. Ba4 d6 5. Bxc6+ bxc6 6. d4 f6 7. Be3 Ne7 8. Nc3 Be6 9. Qd3 Qb8 10. b3 Ng6 11. O-O Be7 12. d5 cxd5 13. Nxd5 Qb7 14. c4 O-O 15. Nd2 Rad8 16. Rac1 Rfe8 17. b4 c6 18. Nc3 Bf8 19. a4 d5 20. cxd5 cxd5 21. exd5 Bxd5 22. Nxd5 Qxd5 23. Qxa6 Bxb4 24. Rfd1 Nf4 25. Qc4 Qxc4 26. Rxc4 Ba5 27. Rc5 Bb6 28. Rc2 Ba5 29. Rb1 Rd5 30. g3 Ne2+ 31. Kf1 Nc3 32. Ra1 f5 33. Nc4 Nd1 34. Nxa5 Nxe3+ 35. fxe3 Rxa5 36. Ke2 Re7 37. e4 fxe4 38. Ke3 Rd7 1/2-1/2

[Event "Asia-chT"]
[Site "Singapore"]
[Date "1995.??.??"]
[Round "2"]
[White "Zhang Zhong"]
[Black "Safin, Shukhrat"]
[Result "0-1"]
[WhiteElo "2430"]
[BlackElo "2455"]
[PlyCount "90"]
[EventDate "1995.12.??"]
[Source "ChessBase"]

1. e4 e5 2. Nf3 Nc6 3. Bb5 a6 4. Ba4 d6 5. Bxc6+ bxc6 6. d4 f6 7. Be3 Rb8 8. b3 Ne7 9. Nc3 Ng6 10. Qd3 exd4 11. Nxd4 Ne5 12. Qd2 c5 13. Nde2 Be7 14. h3 f5 15. exf5 Bxf5 16. Ng3 Bg6 17. O-O O-O 18. f4 Nd7 19. f5 Bf7 20. Nge4 Nf6 21. Rae1 Rb4 22. Nxf6+ Bxf6 23. Nd5 Bxd5 24. Qxd5+ Kh8 25. c4 Rb8 26. Bf2 a5 27. Re2 Qc8 28. g4 a4 29. bxa4 Qa6 30. h4 Rb4 31. Re4 Rxa4 32. g5 Be5 33. Qe6 Qa8 34. Rfe1 Rxa2 35. h5 Ra1 36. Rxe5 dxe5 37. h6 Rxe1+ 38. Bxe1 Qe4 39. hxg7+ Kxg7 40. Qh6+ Kg8 41. Qe6+ Kh8 42. Bg3 Rxf5 43. Qe8+ Kg7 44. Qe7+ Kg6 45. Qe6+ Kxg5 0-1

[Event "Szolnok"]
[Site "Szolnok"]
[Date "1975.??.??"]
[Round "5"]
[White "Pinter, Jozsef"]
[Black "Westerinen, Heikki MJ"]
[Result "0-1"]
[WhiteElo "2410"]
[BlackElo "2475"]
[PlyCount "94"]
[EventDate "1975.??.??"]
[Source "ChessBase"]

1. e4 e5 2. Nf3 Nc6 3. Bb5 a6 4. Ba4 d6 5. Bxc6+ bxc6 6. d4 f6 7. Be3 g6 8. Qd2 Bg7 9. Nc3 Ne7 10. h3 O-O 11. Bh6 Be6 12. O-O-O Qb8 13. g4 Qb4 14. a3 Qb7 15. Rdg1 Rab8 16. Nd1 c5 17. Bxg7 Kxg7 18. dxc5 Qxe4 19. cxd6 Nd5 20. Nh4 cxd6 21. Nf5+ Bxf5 22. gxf5 Rfc8 23. fxg6 hxg6 24. Ne3 Nxe3 25. fxe3 Rb3 26. Rh2 Qxe3 27. Qxe3 Rxe3 28. Rhg2 Rxh3 29. Rxg6+ Kf7 30. R1g2 Rf3 31. Rg7+ Ke6 32. Kd2 d5 33. Rb7 Rc6 34. c3 e4 35. Rb4 Rd3+ 36. Ke1 Ke5 37. a4 Rc4 38. Rxc4 dxc4 39. Rg8 Rd6 40. Rc8 Kd5 41. a5 f5 42. Rf8 Ke5 43. Rc8 Rd5 44. Rxc4 Rxa5 45. b4 Ra1+ 46. Ke2 Ra2+ 47. Ke1 e3 0-1

[Event "Ostend Open"]
[Site "Ostend"]
[Date "1990.??.??"]
[Round "?"]
[White "Schmittdiel, Eckhard"]
[Black "Langeweg, Kick"]
[Result "1/2-1/2"]
[WhiteElo "2455"]
[BlackElo "2420"]
[PlyCount "112"]
[EventDate "1990.09.??"]
[Source "www.chesslib.no"]
[SourceDate "2004.05.04"]

1. e4 e5 2. Nf3 Nc6 3. Bb5 a6 4. Ba4 d6 5. Bxc6+ bxc6 6. d4 f6 7. O-O Ne7 8. Ne1 exd4 9. Qxd4 c5 10. Qe3 Ng6 11. f4 Be7 12. Nd3 f5 13. Rd1 O-O 14. Nc3 Qe8 15. Nd5 Bd8 16. exf5 Bxf5 17. Qxe8 Rxe8 18. g3 c4 19. N3b4 a5 20. Nc6 Bxc2 21. Rd2 Ba4 22. Nxd8 Raxd8 23. Kf2 Rd7 24. Nc3 Bc6 25. Rd4 d5 26. b3 Ne7 27. g4 cxb3 28. axb3 Rb8 29. Ne2 Bb7 30. Bd2 c5 31. Rd3 Ba6 32. Re3 Bxe2 33. Rxe2 Rb5 34. Rxa5 Rxa5 35. Bxa5 Rb7 36. Rc2 Rb5 37. Bc7 Nc6 38. Bd6 Nb4 39. Rd2 Kf7 40. f5 g6 41. Kg3 gxf5 42. gxf5 Kf6 43. Kf4 Ra5 44. h4 Rb5 45. h5 Nc6 46. Rxd5 Rb4+ 47. Kg3 Rxb3+ 48. Kg4 Rb4+ 49. Bf4 Nd4 50. Bg5+ Kf7 51. Kg3 h6 52. Bd2 Ne2+ 53. Kf3 Rd4 54. Rxd4 Nxd4+ 55. Ke4 Kf6 56. Bxh6 Nxf5 1/2-1/2

[Event "FRA-ch"]
[Site "FRA"]
[Date "1991.??.??"]
[Round "?"]
[White "Prie, Eric"]
[Black "Anic, Darko"]
[Result "1-0"]
[WhiteElo "2460"]
[BlackElo "2410"]
[PlyCount "65"]
[EventDate "1991.08.??"]
[Source "ChessBase"]

1. e4 e5 2. Nf3 Nc6 3. Bb5 a6 4. Ba4 d6 5. Bxc6+ bxc6 6. d4 f6 7. Be3 Ne7 8. Nc3 Ng6 9. Qe2 Be7 10. O-O-O Bd7 11. h4 h5 12. Qc4 Qc8 13. dxe5 fxe5 14. Ng5 Bxg5 15. hxg5 Ne7 16. Rdf1 Rb8 17. f4 Be6 18. Qd3 exf4 19. Bd4 Rg8 20. Ne2 Rb5 21. Nxf4 Rxg5 22. Rxh5 Rg4 23. Rh7 Bf7 24. Qc3 Bg6 25. Nxg6 Rxg6 26. Bxg7 c5 27. Bf6 Nc6 28. Qc4 Rf8 29. Qd5 Nb4 30. Re7+ Kd8 31. Rf7+ Ke8 32. Rxf8+ Kxf8 33. Bc3+ 1-0

[Event "Nassau CC-ch"]
[Site "?"]
[Date "1997.??.??"]
[Round "?"]
[White "Stripunsky Alexander"]
[Black "Ritter Mark"]
[Result "0-1"]
[WhiteElo "2455"]
[BlackElo "2415"]
[PlyCount "80"]
[EventDate "1997.??.??"]
[Source "www.chesslib.no"]
[SourceDate "2004.05.04"]

1. e4 e5 2. Nf3 Nc6 3. Bb5 a6 4. Ba4 d6 5. Bxc6+ bxc6 6. d4 f6 7. Nc3 Ne7 8. Be3 Ng6 9. Qd3 Bd7 10. O-O-O Be7 11. Kb1 Qb8 12. h4 Qb7 13. h5 Nf8 14. h6 g6 15. dxe5 fxe5 16. Bg5 Bxg5 17. Nxg5 Ne6 18. Nxe6 Bxe6 19. f4 exf4 20. Qd4 Rf8 21. e5 O-O-O 22. Rhe1 c5 23. Qf2 Bf5 24. Nd5 g5 25. Ne7+ Kb8 26. Nxf5 Rxf5 27. e6 Re8 28. c4 Re7 29. Rd3 Qc6 30. Qe2 Re5 31. Qd1 R7xe6 32. Rxe5 Rxe5 33. Rd5 Qe8 34. Rxe5 Qxe5 35. Qb3+ Ka7 36. Qd3 Qe1+ 37. Kc2 Qf2+ 38. Kc3 Qe3 39. Qxe3 fxe3 40. Kd3 c6 0-1

[Event "Cappelle la Grande"]
[Site "?"]
[Date "1995.??.??"]
[Round "?"]
[White "Bielczyk, J."]
[Black "Klovans, J."]
[Result "1/2-1/2"]
[WhiteElo "2365"]
[BlackElo "2500"]
[PlyCount "116"]
[EventDate "1995.??.??"]
[Source "ChessBase"]
[SourceDate "1995.02.01"]

1. e4 e5 2. Nf3 Nc6 3. Bb5 a6 4. Ba4 d6 5. Bxc6+ bxc6 6. d4 f6 7. Be3 Ne7 8. Nc3 Ng6 9. Qe2 Be7 10. O-O-O Be6 11. h4 h5 12. dxe5 Nxe5 13. Nd4 Bc4 14. Qd2 Qd7 15. b3 Bf7 16. Nf5 Bf8 17. f4 Ng4 18. Bd4 g6 19. Ne3 Bh6 20. Rhf1 O-O 21. Kb1 Be6 22. Qd3 Nxe3 23. Bxe3 Bg4 24. Rde1 Bg7 25. Bd4 a5 26. f5 gxf5 27. exf5 Rae8 28. Rxe8 Rxe8 29. Ne4 Qe7 30. Ng3 Be2 31. Nxe2 Qxe2 32. Qxe2 Rxe2 33. a4 Bh6 34. Bxf6 Rxg2 35. Bc3 Bd2 36. Bxd2 Rxd2 37. Rg1+ Kf7 38. Rg5 Kf6 39. Rxh5 c5 40. Rh7 Kxf5 41. Rxc7 Rh2 42. Ra7 Rxh4 43. Rxa5 Ke6 44. Ra7 d5 45. Rc7 Kd6 46. Rc8 d4 47. Kb2 Rh5 48. a5 Kd7 49. Rb8 Kc7 50. Rb5 Kc6 51. Rb6+ Kc7 52. Rg6 Kb7 53. a6+ Ka7 54. Rc6 Rd5 55. c4 dxc3+ 56. Kxc3 Rh5 57. Kc4 Rh3 58. Rg6 Rf3 1/2-1/2

[Event "Biel op MTO"]
[Site "Biel"]
[Date "1997.??.??"]
[Round "7"]
[White "Klovans, Janis"]
[Black "Zude, Arno"]
[Result "1/2-1/2"]
[WhiteElo "2465"]
[BlackElo "2395"]
[PlyCount "94"]
[EventDate "1997.07.21"]
[Source "ChessBase"]
[SourceDate "1997.11.24"]

1. e4 e5 2. Nf3 Nc6 3. Bb5 a6 4. Ba4 d6 5. Bxc6+ bxc6 6. d4 f6 7. Be3 Ne7 8. Nc3 Ng6 9. Qe2 Be6 10. h4 h5 11. O-O-O Qb8 12. d5 cxd5 13. Nxd5 Ne7 14. c4 Nxd5 15. cxd5 Bd7 16. Kb1 Be7 17. Rc1 Qb5 18. Rc4 c5 19. dxc6 Be6 20. Rhc1 Bxc4 21. Qxc4 Qxc4 22. Rxc4 Kf7 23. Nd2 Ke6 24. Rc1 Rhc8 25. c7 d5 26. exd5+ Kxd5 27. Nc4 Bc5 28. Nb6+ Bxb6 29. Bxb6 a5 30. Rc5+ Kd6 31. Rxa5 Kc6 32. Rxa8 Rxa8 33. Ba5 Kb7 34. b4 Ra6 35. Kc2 Rc6+ 36. Kb3 e4 37. a4 g5 38. g3 gxh4 39. gxh4 f5 40. b5 Rd6 41. Bb4 Rd3+ 42. Kc4 Kxc7 43. a5 Rd1 44. Be7 Rc1+ 45. Kd5 Rb1 46. Kc5 Rc1+ 47. Kd5 Rb1 1/2-1/2

[Event "Pardubice"]
[Site "?"]
[Date "2006.07.26"]
[Round "6.18"]
[White "Malinovsky Karel"]
[Black "Sulskis Sarunas"]
[Result "1/2-1/2"]
[WhiteElo "2346"]
[BlackElo "2514"]
[PlyCount "53"]
[EventDate "2006.??.??"]
[Source "www.chesslib.no"]
[SourceDate "2004.05.04"]

1. e4 e5 2. Nf3 Nc6 3. Bb5 a6 4. Ba4 d6 5. Bxc6+ bxc6 6. d4 f6 7. h3 Ne7 8. O-O Ng6 9. c4 Be7 10. Nc3 O-O 11. Be3 a5 12. b3 Bd7 13. Qd2 f5 14. exf5 Bxf5 15. Qe2 e4 16. Nd2 Qd7 17. Ncxe4 Rae8 18. Ng3 Bxh3 19. gxh3 Qxh3 20. Rfe1 Bf6 21. Nf3 c5 22. Qf1 Qg4 23. Nh2 Qh4 24. Nf3 Qg4 25. Nh2 Qh4 26. Nf3 Qg4 27. Nh2 1/2-1/2

[Event "Decin op-A"]
[Site "Decin"]
[Date "1998.??.??"]
[Round "9"]
[White "Turov, Maxim"]
[Black "Khamatgaleev, Alexej"]
[Result "1/2-1/2"]
[WhiteElo "2460"]
[BlackElo "2395"]
[PlyCount "59"]
[EventDate "1998.08.??"]
[Source "www.chesslib.no"]
[SourceDate "2004.05.04"]

1. e4 e5 2. Nf3 Nc6 3. Bb5 a6 4. Ba4 d6 5. Bxc6+ bxc6 6. d4 f6 7. Nh4 Be6 8. O-O Qb8 9. b3 Ne7 10. c4 g6 11. c5 Bg7 12. cxd6 cxd6 13. Ba3 exd4 14. Qxd4 c5 15. Qd2 O-O 16. Nc3 Ra7 17. Bb2 Rd7 18. Rad1 d5 19. exd5 Nxd5 20. Qe2 Re8 21. Nxd5 Bxd5 22. Qxa6 Ra7 23. Qd3 Bf7 24. Qb1 c4 25. Bd4 Rb7 26. Qa1 cxb3 27. axb3 Bxb3 28. Rde1 Rf8 29. Re3 Bd5 30. Rfe1 1/2-1/2

[Event "Point int"]
[Site "Bar Point int."]
[Date "1981.??.??"]
[Round "?"]
[White "Hebert, Jean"]
[Black "Biyiasas, Peter"]
[Result "1-0"]
[WhiteElo "2405"]
[BlackElo "2450"]
[PlyCount "123"]
[EventDate "1981.??.??"]
[Source "www.chesslib.no"]
[SourceDate "2004.05.04"]

1. e4 e5 2. Nf3 Nc6 3. Bb5 a6 4. Ba4 d6 5. Bxc6+ bxc6 6. d4 f6 7. Be3 Ne7 8. Nc3 Ng6 9. Qe2 Be6 10. O-O-O Be7 11. g3 O-O 12. Kb1 Qb8 13. Bc1 Qb4 14. a3 Qa5 15. d5 Rfb8 16. Ka1 Bf7 17. h4 Bf8 18. dxc6 Qb6 19. Nd5 Qxc6 20. c4 Ne7 21. h5 Nxd5 22. exd5 Qa4 23. Nd2 c6 24. Ne4 cxd5 25. cxd5 Rb4 26. Rh4 Rab8 27. Nc3 Qa5 28. Rxb4 Rxb4 29. g4 Rb3 30. Qc4 Rb7 31. Be3 Rb8 32. Ka2 Be8 33. b4 Qd8 34. Qxa6 f5 35. f3 e4 36. fxe4 fxg4 37. b5 Ra8 38. Qb6 Qc8 39. Qd4 Be7 40. Qb4 Bxb5 41. Qxb5 Qxc3 42. Qb3 Qe5 43. Bd4 Qxe4 44. Bb2 Rc8 45. Rd4 Qe2 46. Qb7 Rf8 47. Qb4 g3 48. Re4 Qxh5 49. Rxe7 Qxd5+ 50. Qb3 Qxb3+ 51. Kxb3 Rb8+ 52. Kc2 Rxb2+ 53. Kxb2 h5 54. a4 g2 55. Re1 h4 56. a5 h3 57. a6 h2 58. a7 g1=Q 59. a8=Q+ Kh7 60. Qe4+ Kh6 61. Qh4+ Kg6 62. Re6+ 1-0

[Event "Lone Pine op"]
[Site "Lone Pine"]
[Date "1979.??.??"]
[Round "9"]
[White "Morris, Walter D"]
[Black "Pachman, Ludek"]
[Result "1/2-1/2"]
[WhiteElo "2345"]
[BlackElo "2510"]
[PlyCount "94"]
[EventDate "1979.03.??"]
[Source "ChessBase"]

1. e4 e5 2. Nf3 Nc6 3. Bb5 a6 4. Ba4 d6 5. Bxc6+ bxc6 6. d4 f6 7. Be3 Ne7 8. Nc3 Ng6 9. h4 h5 10. Qd2 Be7 11. O-O-O Bd7 12. dxe5 fxe5 13. Ng5 Qb8 14. Qe2 a5 15. a3 Qb7 16. Qc4 Bxg5 17. hxg5 Rb8 18. b3 Nf8 19. f4 Be6 20. Qd3 exf4 21. Bd4 Nd7 22. Bxg7 Rg8 23. Bd4 c5 24. e5 cxd4 25. exd6 cxd6 26. Qxd4 Nc5 27. Qxd6 Qb6 28. Qxf4 Nxb3+ 29. cxb3 Qxb3 30. Qa4+ Qxa4 31. Nxa4 Rxg5 32. Rde1 Kd7 33. Re4 Rc8+ 34. Kd2 Rc6 35. Ke3 Bd5 36. Reh4 Rg3+ 37. Kf4 Rxa3 38. Ke5 Bxg2 39. Rb1 Bf3 40. Rb7+ Kc8 41. Ra7 Bg4 42. Rxa5 Kc7 43. Rh2 Rc4 44. Rc5+ Rxc5+ 45. Nxc5 Kc6 46. Ne4 Rf3 47. Rf2 Re3 1/2-1/2

[Event "ISL-chT9899"]
[Site "Reykjavik"]
[Date "1999.03.05"]
[Round "?"]
[White "Jonsson, Bjorgvin"]
[Black "Gretarsson, Helgi Ass"]
[Result "0-1"]
[WhiteElo "2392"]
[BlackElo "2459"]
[PlyCount "114"]
[EventDate "1999.??.??"]
[Source "www.chesslib.no"]
[SourceDate "2004.05.04"]

1. e4 e5 2. Nf3 Nc6 3. Bb5 a6 4. Ba4 d6 5. Bxc6+ bxc6 6. d4 f6 7. Be3 Ne7 8. Nc3 Ng6 9. Qe2 Bd7 10. O-O-O Be7 11. h4 h5 12. dxe5 fxe5 13. Ng5 Nxh4 14. Rxh4 Bxg5 15. Rxh5 Bxe3+ 16. fxe3 Ke7 17. Rf1 Be6 18. Rg5 Qg8 19. b3 Rh6 20. Rf3 Qh7 21. Qf2 Rh5 22. Qg3 Rxg5 23. Qxg5+ Kd7 24. Rg3 Rg8 25. Kb2 Qh6 26. Qxh6 gxh6 27. Rxg8 Bxg8 28. Nd1 Ke7 29. Ka3 Kf6 30. Kb4 Be6 31. Nf2 Kg5 32. g3 h5 33. c4 c5+ 34. Kc3 Bg4 35. b4 cxb4+ 36. Kxb4 Be2 37. c5 h4 38. cxd6 cxd6 39. Nh1 h3 40. Nf2 h2 41. Ka5 Kf6 42. Kb6 Ke7 43. a4 Kd7 44. a5 Bf3 45. Kxa6 Kc6 46. Ka7 Kc7 47. Ka6 h1=Q 48. Nxh1 Bxh1 49. Kb5 Bxe4 50. g4 Kb7 51. g5 Bd3+ 52. Kb4 Ka6 53. Kc3 Be4 54. Kb4 Bh7 55. Ka4 d5 56. Kb4 d4 57. exd4 exd4 0-1

[Event "Bern op"]
[Site "Bern"]
[Date "1992.??.??"]
[Round "3"]
[White "Pavlovic, Milos"]
[Black "Klovans, Janis"]
[Result "1-0"]
[WhiteElo "2440"]
[BlackElo "2410"]
[PlyCount "126"]
[EventDate "1992.02.??"]
[Source "ChessBase"]

1. e4 e5 2. Nf3 Nc6 3. Bb5 a6 4. Ba4 d6 5. Bxc6+ bxc6 6. d4 f6 7. Be3 Ne7 8. Nc3 Ng6 9. Qe2 Be7 10. O-O-O Be6 11. h4 h5 12. dxe5 fxe5 13. Ng5 Bxg5 14. hxg5 h4 15. g3 hxg3 16. Rxh8+ Nxh8 17. Qh5+ Kd7 18. f4 exf4 19. Bxf4 Qe8 20. Qf3 Ng6 21. Qxg3 Nxf4 22. Qxf4 Qf7 23. Qd2 Rf8 24. Kb1 Bg4 25. Rc1 Qf4 26. Qd3 a5 27. b3 Qe5 28. Na4 Rf3 29. Qa6 Qxe4 30. Qxa5 Bf5 31. Qa7 Qe3 32. Qa6 Qd4 33. Nb2 Rf2 34. Qc4 Qxc4 35. Nxc4 Rg2 36. Ne3 Rxg5 37. Nxf5 Rxf5 38. Rh1 c5 39. a4 Kc6 40. Rh8 Rf4 41. Rg8 Rg4 42. Kb2 Kb6 43. Rb8+ Ka7 44. Rg8 Rg3 45. Ka2 Kb7 46. Kb2 d5 47. Rd8 c6 48. Rf8 g5 49. Rf6 Kb6 50. Rg6 d4 51. Kb1 Rg1+ 52. Kb2 Rg2 53. Kc1 g4 54. Rg5 g3 55. Kd1 Rg1+ 56. Ke2 g2 57. Kf3 Rf1+ 58. Kxg2 Rc1 59. Rg3 Rxc2+ 60. Kf1 Ka5 61. Ke1 Kb4 62. Kd1 Ra2 63. Kc1 c4 1-0

[Event "Budapest"]
[Site "Budapest HUN"]
[Date "1990.??.??"]
[Round "10"]
[White "Kuporosov, Viktor"]
[Black "Anic, Darko"]
[Result "1/2-1/2"]
[WhiteElo "2445"]
[BlackElo "2405"]
[PlyCount "27"]
[EventDate "1990.06.??"]
[Source "www.chesslib.no"]
[SourceDate "2004.05.04"]

1. e4 e5 2. Nf3 Nc6 3. Bb5 a6 4. Ba4 d6 5. Bxc6+ bxc6 6. d4 f6 7. Nc3 Bg4 8. Be3 Qb8 9. Qd3 Ne7 10. O-O Bxf3 11. gxf3 Qc8 12. Kh1 Qh3 13. Qe2 g6 14. f4 1/2-1/2

[Event "Cali op-A 3rd"]
[Site "?"]
[Date "1999.12.??"]
[Round "5"]
[White "Herrera Irisberto"]
[Black "Castro Rojas Oscar Humberto"]
[Result "1-0"]
[WhiteElo "2487"]
[BlackElo "2359"]
[PlyCount "75"]
[EventDate "1999.??.??"]
[Source "www.chesslib.no"]
[SourceDate "2004.05.04"]

1. e4 e5 2. Nf3 Nc6 3. Bb5 a6 4. Ba4 d6 5. Bxc6+ bxc6 6. d4 f6 7. Nh4 g6 8. O-O Nh6 9. f4 f5 10. Qe1 fxe4 11. Qxe4 Nf7 12. fxe5 d5 13. Qe1 Be6 14. Nf3 Be7 15. Nc3 Qb8 16. Na4 Qb5 17. b3 Bf5 18. Rf2 Nd8 19. Bg5 Ne6 20. Bxe7 Kxe7 21. Qc3 Be4 22. Nd2 Raf8 23. Raf1 Rxf2 24. Rxf2 Rf8 25. Rxf8 Kxf8 26. Nxe4 dxe4 27. Nc5 Nxc5 28. Qxc5+ Qxc5 29. dxc5 Ke7 30. Kf2 Ke6 31. Ke3 Kxe5 32. c4 a5 33. g4 h6 34. a3 h5 35. h3 h4 36. b4 a4 37. g5 Kf5 38. b5 1-0

[Event "Val Thorens Open"]
[Site "Val Thorens FRA"]
[Date "1990.??.??"]
[Round "7"]
[White "Lupu, Mircea-Sergiu"]
[Black "Anic, Darko"]
[Result "0-1"]
[WhiteElo "2440"]
[BlackElo "2405"]
[PlyCount "56"]
[EventDate "1990.??.??"]
[Source "www.chesslib.no"]
[SourceDate "2004.05.04"]

1. e4 e5 2. Nf3 Nc6 3. Bb5 a6 4. Ba4 d6 5. Bxc6+ bxc6 6. d4 f6 7. h3 Ne7 8. dxe5 fxe5 9. Bg5 Be6 10. O-O h6 11. Bh4 g5 12. Bg3 Ng6 13. Nfd2 h5 14. f3 Qd7 15. Nc3 Bh6 16. f4 gxf4 17. Qxh5 Qg7 18. Bh4 Kd7 19. Nf3 Rag8 20. Be1 Ne7 21. Rf2 Qf6 22. Rd2 Bg5 23. Nxe5+ Qxe5 24. Qf3 Bh4 25. Ne2 Qxb2 26. Rad1 Bxe1 27. Rxe1 Rxh3 28. Qxf4 Qh8 0-1